| 000 | 00649 a2200193 4500 | ||
|---|---|---|---|
| 003 | Nust | ||
| 005 | 20221124133640.0 | ||
| 010 | _a619909 | ||
| 040 | _cNust | ||
| 082 | _a515.723, LEG | ||
| 100 |
_aLegros Roger _9103500 |
||
| 245 |
_aTransform Calculus for Electrical Engineers _cLegros Roger |
||
| 260 |
_aNew Jersey _bPrintice Hall _c1961 |
||
| 300 | _a342p | ||
| 505 | _aPART-1: Fourier Series Integral and Transform (Page-1), PART-2: Direct Laplace Transform (Page-79), PART-3: Circuits (Page-197), PART-4: Linear Amplifiers (Page-255). | ||
| 600 |
_aTransform Calculus _9103501 |
||
| 650 |
_aTransform Calculus _9103502 |
||
| 942 |
_2ddc _cBK |
||
| 999 |
_c182067 _d182067 |
||